000 00764nam a2200253Ia 4500
003 OSt
005 20221005093854.0
006 a|||||r|||| 00| 0
007 ta
008 221004b |||||||| |||| 00| 0 eng d
020 _a978 1 84520 701 4 (pbk)
_c1239.25
024 _a94898
037 _b05382, 25/02/2009, Atlantic Publisher & Dist. Pvt Ltd.
_cTextual
040 _aCRL
_cCRL
_beng
041 _2eng
_aeng
082 _aN, P8
100 _aGeczy Adam
_9618778
245 0 _aArt
_b Histories, theories and exceptions
260 _aOxford
_bBerg UK
_c2008
300 _aviii, 213p.
_ccm.
650 _aARTS
942 _hN, P8
_cTEXL
_2cc
999 _c1001044
_d1001044